LEADER 01442nas 2200469- 450 001 996321223803316 005 20211101213019.0 011 $a2549-5747 035 $a(OCoLC)1117854308 035 $a(CKB)4100000007654830 035 $a(CONSER)--2020256232 035 $a(EXLCZ)994100000007654830 100 $a20190322a20139999 --- - 101 0 $aind 135 $aur||||||||||| 181 $2rdacontent 182 $cc$2rdamedia 183 $acr$2rdacarrier 200 00$aJurnal sylva lestari 210 1$aLumpung, Indonesia :$cJurusan Kehutanan, Fakultas Pertanian, Universitas Lampung,$d2013- 215 $a1 online resource 300 $aRefereed/Peer-reviewed 311 $a2339-0913 517 1 $aJournal of sustainable forest 517 1 $aJSL 531 0 $aJ. Sylva Lestari 606 $aSustainable forestry$vPeriodicals 606 $aForest management$vPeriodicals 606 $aForest management$2fast$3(OCoLC)fst00932231 606 $aSustainable forestry$2fast$3(OCoLC)fst01139767 608 $aElectronic journals. 608 $aPeriodicals.$2fast 608 $aPeriodicals.$2lcgft 615 0$aSustainable forestry 615 0$aForest management 615 7$aForest management. 615 7$aSustainable forestry. 712 02$aUniversitas Lampung.$bJurusan Kehutanan, 906 $aJOURNAL 912 $a996321223803316 996 $aJurnal sylva lestari$92211879 997 $aUNISA